Tourism: Concepts, theory and practice (Record no. 5071)

MARC details
000 -LEADER
fixed length control field 00463nam a2200169Ia 4500
008 - FIXED-LENGTH DATA ELEMENTS--GENERAL INFORMATION
fixed length control field 230917s9999||||xx |||||||||||||| ||und||
020 ## - ISBN
Price RS 525.00
040 ## - CATALOGING SOURCE
-- 5015222
Original cataloging agency VIVEKANANDA LIBRARY
041 ## - Language
-- English
082 ## - DDC NUMBER
Classification number 338.4791 D571T
100 ## - MAIN ENTRY--PERSONAL NAME
Personal name Dileep, M R
245 #0 - TITLE STATEMENT
Title Tourism: Concepts, theory and practice
260 ## - PUBLICATION, DISTRIBUTION, ETC. (IMPRINT)
Place of publication, distribution, etc New Delhi
Name of publisher, distributor, etc I K International
Date of publication, distribution, etc 2019
300 ## - PHYSICAL DESCRIPTION
Pages xvi, 426 p.
500 ## - GENERAL NOTE
General note 4475 22/01/2022 HBD22/9299 04/03/2022 IHTM (SFS)
942 ## - ADDED ENTRY ELEMENTS (KOHA)
Koha item type Books
Holdings
Withdrawn status Lost status Damaged status Not for loan Location (home branch) Sublocation or collection (holding branch) Shelving location Date acquired Koha issues (times borrowed) Koha full call number Accession No. Koha date last seen Koha item type
        VIVEKANANDA LIBRARY VIVEKANANDA LIBRARY IHTM Library 28/03/2022   338.4791 D571T 405205 17/09/2023 Books
© Designed and Maintained by Vivekananda Library, MDU Rohtak